| 000 | 00999nam a22003015a 4500 | ||
|---|---|---|---|
| 005 | 20150818113053.0 | ||
| 008 | 150816t2004 njua|||fr|||| 001 0 eng d | ||
| 010 | _a2004268304 | ||
| 020 | _a0131911791 | ||
| 020 | _a9780131911796 | ||
| 040 |
_aEG-ScBUE _beng _cEG-ScBUE |
||
| 082 | 0 | 4 |
_a005.1 _bBRU _222 |
| 100 | 1 |
_aBruegge, Bernd. _922589 |
|
| 245 | 1 | 0 |
_aObject-oriented software engineering : _busing UML, patterns, and Java / _cBernd Bruegge & Allen H. Dutoit. |
| 250 | _a2nd ed. | ||
| 260 |
_aUpper Saddle River : _bPearson Education, _cc.2004. |
||
| 300 |
_a802 p. : _bill. ; _c25 cm. |
||
| 500 | _aGlossary : p. 707-738. | ||
| 500 | _aIndex : p. 751-762. | ||
| 504 | _aBibliography : p. 739-750. | ||
| 590 | _ayassmeen ashraf | ||
| 650 | 0 |
_aSoftware engineering. _2BUEsh |
|
| 650 | 0 |
_aObject-oriented programming (Computer science) _2BUEsh |
|
| 651 | _2BUEsh | ||
| 653 |
_bENGGEN _bCOMSCI _cAugust2015 |
||
| 700 | 1 |
_aDutoit, Allen H. _922592 |
|
| 942 |
_cBB _k005.1 BRU _2ddc |
||
| 999 |
_c879 _d879 |
||